MEN'S CRICKET T20 LEAGUE TEAMS - Statistics

General Stats
  • This quiz has been taken 16 times
  • The average score is 55 of 80
Answer Stats
Country Team % Correct
India Chennai Super Kings
100%
India Delhi Capitals
100%
India Gujarat Titans
100%
India Kolkata Knight Riders
100%
India Lucknow Super Giants
100%
Australia Melbourne Stars
100%
South Africa MI Capetown
100%
UAE MI Emirates
100%
USA MI New York
100%
India Mumbai Indians
100%
Australia Perth Scorchers
100%
India Punjab Kings
100%
Australia Sydney Sixers
100%
Sri Lanka Dambulla Sixers
90%
Sri Lanka Jaffna Kings
90%
Pakistan Karachi Kings
90%
USA Los Angeles Knight Riders
90%
Australia Melbourne Renegades
90%
South Africa Pretoria Capitals
90%
India Rajasthan Royals
90%
India Royal Challengers Bengaluru
90%
India Sunrisers Hyderabad
90%
Australia Sydney Thunder
90%
UAE Abu Dhabi Knight Riders
80%
Australia Adelaide Strikers
80%
Australia Brisbane Heat
80%
New Zealand Canterbury Kings
80%
Sri Lanka Colombo Strikers
80%
UAE Dubai Capitals
80%
South Africa Joburg Super Kings
80%
West Indies St. Lucia Kings
80%
New Zealand Auckland Aces
70%
West Indies Barbados Royals
70%
South Africa Durban's Super Giants
70%
West Indies Guyana Amazon Warriors
70%
Australia Hobart Hurricanes
70%
England London Spirit
70%
Pakistan Multan Sultans
70%
South Africa Paarl Royals
70%
USA Seattle Orcas
70%
UAE Sharjah Warriors
70%
Bangladesh Sylhet Strikers
70%
USA Texas Super Kings
70%
West Indies Trinbago Knight Riders
70%
New Zealand Wellington Firebirds
70%
Canada Bangla Tigers Mississauga
60%
England Birmingham Phoenix
60%
Bangladesh Durdanto Dhaka
60%
Pakistan Islamabad United
60%
Bangladesh Khulna Tigers
60%
Pakistan Lahore Qalanders
60%
England Manchester Originals
60%
Canada Montreal Tigers
60%
England Oval Invincibles
60%
Pakistan Quetta Gladiators
60%
USA San Francisco Unicorns
60%
South Africa Sunrisers Eastern Cape
60%
USA Washington Freedom
60%
West Indies Antigua & Barbuda Falcons
50%
Bangladesh Chattogram Challengers
50%
Sri Lanka Kandy Falcons
50%
New Zealand Northern Brave
50%
England Northern Superchargers
50%
New Zealand Otago Volts
50%
England Southern Brave
50%
West Indies St. Kitts & Nevis Patriots
50%
Canada Vancouver Knights
50%
England Welsh Fire
50%
Canada Brampton Wolves
40%
UAE Desert Vipers
40%
UAE Gulf Giants
40%
Pakistan Peshawar Zalmi
40%
Bangladesh Rangpur Riders
40%
Canada Toronto Nationals
40%
England Trent Rockets
40%
Sri Lanka Galle Marvels
30%
Canada Surrey Jaguars
30%
New Zealand Central Stags
20%
Bangladesh Comilla Victorians
20%
Bangladesh Fortune Barishal
20%
No matching quizzes found
Score Distribution
Percent of People with Each Score
Percentile by Number Answered
Your Score History
You have not taken this quiz